Correspondencia, 1920-1963

Zapisane w:
Opis bibliograficzny
1. autor: Jaspers, Karl (Autor)
Format: Książka
Język:hiszpański
Wydane: Madrid Sintesis 2003
Seria:Perspectivas, 8
Hasła przedmiotowe:
Etykiety: Dodaj etykietę
Nie ma etykietki, Dołącz pierwszą etykiete!

MARC

LEADER 00000nam a2200000 a 4500
001 UCK5057
003 CL-VaPUC
008 050708e20030000SP |||||||||||||||||spa|d
020 |a 8497560795 
082 0 4 |a 836  |b HEI  |2 21 
245 1 0 |a Correspondencia, 1920-1963 
300 |a 255 p 
700 |a Jaspers, Karl  |e author  |9 334584 
942 |c BK 
945 |d 20050708 00:00:00  |a cmena 
260 |a Madrid  |b Sintesis  |c 2003 
650 0 |a Filosofía alemana   |9 265002 
650 0 |a Filosofía contemporánea  |9 265372 
650 7 |a CORRESPONDENCIA ALEMANA  |2 CL-VaPUC  |9 486950 
650 0 |a Escuelas filosóficas   |9 266232 
583 |a last modification  |c 20050708 00:00:00  |k Rodrigo Vera 
490 0 |a Perspectivas, 8 
999 |c 313746  |d 313744 
952 |0 0  |1 0  |4 0  |6 836_000000000000000_HEI_2003  |7 0  |8 A  |9 385240  |a BIBEDU  |b BIBEDU  |d 2019-11-22  |i 4136160  |o 836 HEI 2003  |p 4136160  |r 2019-11-22  |w 2019-11-22  |y BK  |k FIL